000 00558nam a2200193Ia 4500
005 20250326141131.0
008 250326s9999 xx 000 0 und d
020 _a0-304-33894-X
037 _aTextbook
040 _aFMSL
_beng
_cFMSL
041 _aeng
_2eng
084 _aX8(A):8 N7
_qFMSL
100 _aYeoman I
_9743785
245 0 _aYield management :strategies for the service industries
_cYeoman I; Ingold A
260 _aLondon
_bLondon, Cassell
_c1996
300 _axvii,248
942 _cTB
_hX8(A):8 N7
999 _c1288857
_d1288857